000 00617nam a2200229Ia 4500
003 OSt
005 20221007063735.0
006 a|||||r|||| 00| 0
007 ta
008 221006b |||||||| |||| 00| 0 eng d
024 _a6,269
037 _cTextual
040 _aFLL
_cFLL
_beng
041 _2eng
_aeng
082 _aZ2:34, K9;2
100 _aMajumdar Ajit B. Au.
_9684708
245 0 _aBailments and pledge
260 _aCalcutta
_bEastern law house private ltd. India
_c1969
300 _a122p
_ccm.
942 _hZ2:34, K9;2
_cTEXL
_2CC
999 _c1132051
_d1132051